| 000 | 00469nam a2200121Ia 4500 | ||
|---|---|---|---|
| 008 | 220620s9999||||xx |||||||||||||| ||und|| | ||
| 100 | _aTomasz Tański||Wojciech Borek||Mariusz Król | ||
| 245 | 0 | _aMagnesium Alloys - Selected Issue | |
| 546 | _aEnglish[eng] | ||
| 650 | _aPhysical Sciences||Engineering and Technology||Materials Science||Metals and Nonmetals||Metallurgy | ||
| 856 | _uhttps://www.intechopen.com/books/magnesium-alloys-selected-issue | ||
| 942 | _cEB | ||
| 999 |
_c26974 _d26974 |
||